| 000 | 00681nam a22002057a 4500 | ||
|---|---|---|---|
| 999 |
_c4320 _d4320 |
||
| 003 | AR-CdUCM | ||
| 008 | 190308b ||||| |||| 00| 0 spa d | ||
| 040 |
_aMUNICIPALIDAD PROVINCIAL DEL CUSCO _cBIBLIOTECA MUNICIPAL DEL CUSCO |
||
| 082 |
_a869.5038 / _bV37 |
||
| 100 |
_aVegas Seminario, Francisco _97374 |
||
| 245 |
_aBajo el signo de la mariscala : _bNovela histórica / |
||
| 260 |
_aLima : _bEditorial Tawantinsuyu, _c1960. |
||
| 300 |
_a247 paginas ; _c16 cm. |
||
| 505 | _aContenido :Novela histórica. | ||
| 650 |
_aNovelas peruanas _9545 |
||
| 650 |
_aNovelas históricas _99696 |
||
| 650 |
_aPrimer militarismo, 1825-1835 _913656 |
||
| 942 |
_2ddc _cLIBROS |
||
| 945 | _arum | ||